000 00903nam a2200193Ia 4500
001 8873
003 GE_BSU
008 181216s||||||||xx |||||||||||||| ||und||
040 _cGE_BSU
245 _aგადასახადები & აღრიცხვა.№4.2014.
245 _bკანონმდებლობის მიმოხილვა,აღრიცხვა,ოფიციალური მასალები,ექსპერტის კონსულტაცია.
245 _cექსპერტები:გონერ ურიდია,ჯემალ ძაგნიძე, მაია ნასარაია,და სხვ.
260 _aთბილისი
260 _c2014
300 _a54გვ,11სმ
653 _aგადასახადები & აღრიცხვა.
653 _aპერიოდიკა
942 _cCR
999 _c42180
_d42180